How to Understand Your Bible (Record no. 7206)

MARC details
000 -LEADER
fixed length control field 00551nam a2200229 a 4500
020 ## - INTERNATIONAL STANDARD BOOK NUMBER
ISBN
082 00 - DEWEY DECIMAL CLASSIFICATION NUMBER
Classification number 220.7
Author Cutter STE
100 ## - MAIN ENTRY--AUTHOR NAME
Author name Sterrett, T N
245 ## - TITLE STATEMENT
Title How to Understand Your Bible
260 ## - PUBLICATION, DISTRIBUTION, ETC. (IMPRINT)
Place of publication Bombay
Name of publisher Jyoti Pocket Books
Year of publication 1973
300 ## - PHYSICAL DESCRIPTION
Number of Pages 164p
500 ## - GENERAL NOTE
General note includes index and biblioraphy
650 ## - SUBJECT ADDED ENTRY--TOPICAL TERM
Topical Term Bible-Commentaries
942 ## - ADDED ENTRY ELEMENTS (KOHA)
Koha item type Books
700 1# -
-- Sterrett, T N
Holdings
Collection code Home library Current library Date acquired Cost, normal purchase price Full call number Accession Number Koha item type
  Henry Martyn Institute Library Henry Martyn Institute Library 10/16/2007 100.00 220.7 STE 013348 Books
                   Copyright © 2026 | Henry Martyn Institute | Hyderabad | TS-500052 | INDIA | Implemented by hmi.edu.in
Hit-Count:

Powered by Koha